Mental health and well being (Record no. 998912)

MARC details
000 -LEADER
fixed length control field 00792nam a2200253Ia 4500
003 - CONTROL NUMBER IDENTIFIER
control field OSt
005 - DATE AND TIME OF LATEST TRANSACTION
control field 20221005092458.0
008 - FIXED-LENGTH DATA ELEMENTS--GENERAL INFORMATION
fixed length control field 221004b |||||||| |||| 00| 0 eng d
020 ## - INTERNATIONAL STANDARD BOOK NUMBER
International Standard Book Number 9780815394396 (pbk)
037 ## - SOURCE OF ACQUISITION
Terms of availability Textual
040 ## - CATALOGING SOURCE
Original cataloging agency CRL
Transcribing agency CRL
Language of cataloging eng
041 ## - LANGUAGE CODE
Source of code eng
Language code of text/sound track or separate title eng
100 ## - MAIN ENTRY--PERSONAL NAME
Personal name Thompson Neil Au.
9 (RLIN) 599010
245 #0 - TITLE STATEMENT
Title Mental health and well being
Remainder of title alternatives to the medical model
260 ## - PUBLICATION, DISTRIBUTION, ETC.
Place of publication, distribution, etc. New York
Name of publisher, distributor, etc. Routledge USA
Date of publication, distribution, etc. 2019
300 ## - PHYSICAL DESCRIPTION
Extent xx,225p.
Dimensions cm.
650 ## - SUBJECT ADDED ENTRY--TOPICAL TERM
Topical term or geographic name entry element MENTAL ILLNESS
9 (RLIN) 33226
942 ## - ADDED ENTRY ELEMENTS (KOHA)
Classification part S:86, Q9
Koha item type Textual
Source of classification or shelving scheme
Holdings
Withdrawn status Lost status Damaged status Not for loan Home library Current library Date acquired Source of acquisition Total Checkouts Full call number Barcode Date last seen Price effective from Koha item type
        Central Library Central Library 2022-10-05 1617, 23/01/2019, Bright Book Service   S:86 Q9 CL1658714 2025-05-08 2022-10-05 Textual
Copyright @ Delhi University Library System